<?xml version="1.0" encoding="UTF-8"?>
<marc:record xmlns:marc="http://www.loc.gov/MARC21/slim">
   <marc:leader>00000nam a2200000 a 4500</marc:leader>
   <marc:datafield ind1="1" ind2=" " tag="100">
      <marc:subfield code="a">Moore, Meg Mitchell</marc:subfield>
      <marc:subfield code="4">aut</marc:subfield>
      <marc:subfield code="e">Verfasser/-in</marc:subfield>
   </marc:datafield>
   <marc:datafield ind1=" " ind2=" " tag="653">
      <marc:subfield code="a">Fiktionale Darstellung</marc:subfield>
   </marc:datafield>
   <marc:datafield ind1=" " ind2=" " tag="653">
      <marc:subfield code="a">Erzählende Literatur: Gegenwartsliteratur ab 1945</marc:subfield>
   </marc:datafield>
   <marc:datafield ind1="0" ind2="0" tag="245">
      <marc:subfield code="a">Hummersommer</marc:subfield>
   </marc:datafield>
   <marc:datafield ind1="0" ind2="0" tag="245">
      <marc:subfield code="b">Roman</marc:subfield>
   </marc:datafield>
   <marc:datafield ind1="0" ind2="0" tag="245">
      <marc:subfield code="c">Moore, Meg Mitchell</marc:subfield>
   </marc:datafield>
   <marc:datafield ind1=" " ind2="1" tag="264">
      <marc:subfield code="a">[Hamburg]</marc:subfield>
      <marc:subfield code="b">HarperCollins</marc:subfield>
   </marc:datafield>
   <marc:datafield ind1="1" ind2=" " tag="490">
      <marc:subfield code="a">HarperCollins</marc:subfield>
      <marc:subfield code="v">Band 100132</marc:subfield>
   </marc:datafield>
   <marc:datafield ind1=" " ind2=" " tag="250">
      <marc:subfield code="a">1. Auflage, deutsche Erstausgabe</marc:subfield>
   </marc:datafield>
   <marc:datafield ind1="1" ind2=" " tag="520">
      <marc:subfield code="a">Angaben aus der Verlagsmeldung &#xD;
&#xD;
 &#xD;
&#xD;
  Hummersommer The Captain's Daughter / von Meg Mitchell Moore &#xD;
&#xD;
 &#xD;
Salzige Meeresbrise, Sonnenaufgänge und Hummerkörbe – Little Harbor ist ein idyllischer Urlaubsort. Für Eliza Barnes jedoch steht es für eine Kindheit in einer einfachen Fischerfamilie, der sie längst entflohen ist. Doch nun erkrankt ihr Vater schwer, und Eliza kehrt für einen Sommer nach Little Harbor zurück. Und während sie den Menschen ihrer Vergangenheit wiederbegegnet, tauchen tief verborgene Geheimnisse und Sehnsüchte auf … Gehört sie, die als Kind Hummer knacken konnte wie keine andere, doch an den Atlantik statt in die Großstadt?&#xD;
&#xD;
&#xD;
&#xD;
»Hummersommer ist eine innige Erzählung über Familie und Liebe. Ein absolut hervorragendes Werk einer meiner Lieblingsautorinnen.« &#xD;
&#xD;
Elin Hilderbrand, New-York-Times-Bestsellerautorin&#xD;
&#xD;
&#xD;
&#xD;
»Die salzige Meeresluft scheint direkt aus den Seiten zu dringen … Von einer Multimillionärsyacht auf ein vertrautes altes Fischerboot mit abgenutzem Getriebe, und es lauert immer mehr als rostige Hummerfallen unter der Oberfläche … Aus der Frage, ob man je wieder zurück nach Hause kann, wird die Frage: Kann man sein Zuhause überhaupt je verlassen?« &#xD;
&#xD;
Seré Prince Halverson, Autor&#xD;
&#xD;
&#xD;
&#xD;
»Diese tiefe Erzählung über nicht eingeschlagene Wege sollte man nicht verpassen!« People Magazin&#xD;
&#xD;
&#xD;
&#xD;
»Ganz selten nur liest man ein so gutes Buch, das die Qualität des gesamten Lebens verbessert. Ich kann nur schwärmen: Es ist brilliant, jede Seite ein Vergnügen. Ich liebe es!« &#xD;
&#xD;
buch aktuell über »Eine fast perfekte Familie«</marc:subfield>
   </marc:datafield>
   <marc:datafield ind1=" " ind2=" " tag="020">
      <marc:subfield code="a">9783959671811</marc:subfield>
      <marc:subfield code="9">9783959671811</marc:subfield>
   </marc:datafield>
   <marc:datafield ind1=" " ind2=" " tag="020">
      <marc:subfield code="a">3959671814</marc:subfield>
      <marc:subfield code="9">3959671814</marc:subfield>
   </marc:datafield>
   <marc:datafield ind1=" " ind2=" " tag="041">
      <marc:subfield code="a">ger</marc:subfield>
   </marc:datafield>
   <marc:datafield ind1="0" ind2=" " tag="490">
      <marc:subfield code="v">Band 100132</marc:subfield>
   </marc:datafield>
   <marc:datafield ind1=" " ind2=" " tag="338">
      <marc:subfield code="a">Band</marc:subfield>
   </marc:datafield>
   <marc:datafield ind1=" " ind2=" " tag="300">
      <marc:subfield code="a">462 Seiten</marc:subfield>
   </marc:datafield>
</marc:record>
